|
|
|
|
| LEADER |
00000naa a2200000uu 4500 |
| 001 |
vtls010949582 |
| 003 |
SK-MaSNL |
| 005 |
20260302125406.0 |
| 008 |
210905|1997 xo |||||||||||||||||slo| |
| 015 |
|
|
|a SNBRA
|
| 035 |
|
|
|a (urnnbn)urn:nbn:sk:snk:ar-a0bik6
|
| 035 |
|
|
|a (uuid)4714b7b0-0bb0-46ba-967b-e8e9d2e28f63
|
| 035 |
|
|
|a urn:nbn:sk:snk-aauamq
|
| 040 |
|
|
|a SNKBUCL
|b slo
|c SNKBUCL
|e AACR2
|
| 041 |
0 |
|
|a slo
|
| 044 |
|
|
|a xo
|c SK
|
| 100 |
1 |
|
|a Rohaľ, B.-IĽKIV
|4 aut
|9 775516
|
| 245 |
1 |
0 |
|a ADAPTÍVNE PREDIKTÍVNE RIADENIE SYSTÉMOV S ROZLOŽENÝMI PARAMETRAMI
|c B. Rohaľ-Iľkiv, G. Hulkó, J. Szuda, M. Antoniová
|
| 700 |
1 |
|
|a Hulkó, Gabriel,
|d 1947-
|4 aut
|
| 700 |
1 |
|
|a Szuda, J.
|4 aut
|9 812416
|
| 700 |
1 |
|
|a Antoniová, M.
|4 aut
|9 812417
|
| 773 |
0 |
|
|t 11th conference Process control '97
|d Bratislava : Slovak University of Technology, 1997
|g S. 160-163
|z 802270959X
|
| 958 |
|
|
|a OND
|
| 958 |
|
|
|a article11
|
| 958 |
|
|
|a chapter
|
| 999 |
|
|
|c 1293421
|d 1295351
|